[Event "Titled Tuesday intern op 14th Feb Late"]
[Site "Chess.com INT"]
[Date "2023.02.14"]
[Round "6"]
[White "Abdi, Farzad"]
[Black "Figorito, Nick"]
[Result "1-0"]
[WhiteElo "2068"]
[BlackElo "2036"]
[PlyCount "105"]
[EventDate "2023.02.14"]
[EventType "swiss (blitz)"]
[EventRounds "11"]
[EventCountry "USA"]
[SourceTitle "CBM 212 Extra"]
[Source "ChessBase"]
[SourceDate "2023.03.31"]
[SourceVersion "1"]
[SourceVersionDate "2023.03.31"]
[SourceQuality "1"]

1. e4 e6 2. d4 d5 3. e5 c5 4. c3 Bd7 5. Nf3 Qb6 6. Nbd2 Bb5 7. Bxb5+ Qxb5 8. Qe2 Qxe2+ 9. Kxe2 a5 10. Nb3 b6 11. a4 Nc6 12. Be3 c4 13. Nbd2 Nge7 14. b3 cxb3 15. Rhb1 Nc8 16. Rxb3 Be7 17. c4 Nb4 18. cxd5 Nxd5 19. Rc1 0-0 20. Nc4 Rb8 21. Bg5 Bxg5 22. Nxg5 Nce7 23. Nd6 h6 24. Nge4 Nc8 25. g3 Nxd6 26. Nxd6 Rfd8 27. Rc6 Rd7 28. Rb1 Nb4 29. Rc4 Nd5 30. Rbc1 Kh7 31. Rc8 Rxc8 32. Rxc8 f6 33. f4 f5 34. Kd2 g5 35. fxg5 hxg5 36. Re8 Nc7 37. Rb8 Nd5 38. Kd3 f4 39. gxf4 gxf4 40. Ke4 Rg7 41. Re8 Rg6 42. h4 Rh6 43. Nf7 Rxh4 44. Rxe6 Nc3+ 45. Kf3 Nxa4 46. Ng5+ Kg7 47. Ne4 Nb2 48. Rxb6 Nc4 49. Rb7+ Kf8 50. Nf6 a4 51. e6 Nd6 52. Rd7 Ne8 53. Rf7# 1-0